000 00523pab a2200181 454500
008 180718b2001 xxu||||| |||| 00| 0 eng d
100 _aWang, Qinghua
245 _aForest management and terraced agriculture: case study of Hani of Ailas Mountains, Yunnan
260 _c2001
300 _ap.2846-850
362 _a28 Jul
650 _aAgriculture - China
650 _aCase studies
650 _aForest management - China
650 _aForest management
773 _aEconomic and Political Weekly
909 _a49337
999 _c49337
_d49337